Traducción y nacionalización del marxismo en América Latina : un acercamiento al pensamiento político de René Zavaleta /

En el artículo se traza una biografía intelectual y política del sociólogo boliviano René Zavaleta Mercado, en la cual se hace hincapié en su insistencia de recrear un marxismo autóctono y en focalizar en la especificidad del Estado latinoamericano, caracterizado de “aparente” por la exclusión étnic...

Descripción completa

Detalles Bibliográficos
Autor principal: Ouviña, Hernán
Formato: Analitica de revista
Lenguaje:español
Publicado: Buenos Aires Observatorio Social de América Latina 2010
Acceso en línea:Acceso electrónico al documento

MARC

LEADER 00000cab a2200000 a 4500
001 042469
003 UAHC_CL
005 20170803124704.0
008 101020b2010 mx 1100 spa
040 |a UAHC_CL  |c UAHC_CL  |d UAHC_CL 
100 1 |a Ouviña, Hernán. 
245 1 0 |a Traducción y nacionalización del marxismo en América Latina :  |b un acercamiento al pensamiento político de René Zavaleta /  |c Hernán Ouviña. 
260 |b Observatorio Social de América Latina  |a Buenos Aires  |c 2010 
300 |a p. 193-207 
500 |a En: Revista del Observatorio Social en América Latina, nº28, 2010. p. 193-207. ISSN 15153282. 
500 |a En: Revista del Observatorio Social en América Latina, nº28, 2010. p. 193-207. ISSN 15153282. 
520 |a En el artículo se traza una biografía intelectual y política del sociólogo boliviano René Zavaleta Mercado, en la cual se hace hincapié en su insistencia de recrear un marxismo autóctono y en focalizar en la especificidad del Estado latinoamericano, caracterizado de “aparente” por la exclusión étnica que hace de los pueblos originarios, lo que ocasiona un conflicto que se intenta resolver mediante el Estado plurinacional. 
520 |a En el artÌculo se traza una biografÌa intelectual y polÌtica del sociÛlogo boliviano RenÈ Zavaleta Mercado, en la cual se hace hincapiÈ en su insistencia de recrear un marxismo autÛctono y en focalizar en la especificidad del Estado latinoamericano, caracterizado de ìaparenteî por la exclusiÛn Ètnica que hace de los pueblos originarios, lo que ocasiona un conflicto que se intenta resolver mediante el Estado plurinacional. 
759 |a PP144 
773 0 |t Revista derecho y humanidades  |w 030081 
856 |u http://bibliotecavirtual.clacso.org.ar/ar/libros/osal/osal28/12Ouvina.pdf  |3 Acceso electrónico al documento  |y Acceso electrónico al documento 
856 |u http://bibliotecavirtual.clacso.org.ar/ar/libros/osal/osal28/12Ouvina.pdf  |3 Acceso electrónico al documento  |y Acceso electrónico al documento 
900 |a REVISTA OSAL-28/10 
942 |c REVA 
952 |0 0  |1 0  |4 0  |6 REVISTA_OSAL28_10_000000000000000  |7 0  |8 General  |9 79163  |a BC  |b BC  |c General  |d 2017-08-03  |l 0  |o REVISTA OSAL-28/10  |p FICTICIO7611  |r 2019-01-08 00:00:00  |t 1  |w 2017-08-03  |y REVA 
999 |c 42469  |d 42469